00948nam a2200205 a 450000100100000000500170001000800410002704000250006808200180009311101080011124500810021926001020030030000200040259000250042265000690044765000560051691000370057295201160060999900170072500002588920200930024129.0110224s1980 dr 000 0 spa d aDO-SdBNPbspacBNPHU a338.18bT147c2 aTaller Evaluativo Nacional Proyecto CENSERI :n(1 :d1981 :cJarabacoa, República Dominicana )95274810aConclusiones del primer taller evaluativo nacional proyecto CENSERI etapa I. aSantiago de los Caballeros, República Dominicana :bSecretaria de Estado de Agricultura,c1980. a43 P. ;c22 cm. aInventariado,2018/DG 4aAgriculturaxAspectos económicoszRepública Dominicana91508 4aPolítica agrícolazRepública Dominicana99553 aValidado. Control de calidad MFF 0010718PDaPDbPDcHDd2011-02-24iLF1l0o338.18 T147cp25889-10r2020-06-25w2020-06-25yLFPDZNo se presta c25381d25381